Walking Dead Season 2 Trivia - Statistics

General Stats
  • This quiz has been taken 18 times
  • The average score is 12 of 16
Answer Stats
Hint Answer % Correct
When Carl was shot what was he looking at? A Deer
100%
Who confronts Shane about killing Otis? Dale
100%
Who finds out that there are walkers in the barn? Glenn
100%
What are the names of Hershel's 2 daughters? Maggie and Beth
92%
And who saved them? Michonne
92%
Who did the group look for in the majority of the season? Sophia
92%
When the farm got overrun who was left behind? Andrea
83%
What does Lori ask Glenn to get her from the pharmacy? Pregnancy Test
83%
What is the name of the boy they took as a prisoner Randall Culver
83%
Where did Shane and Otis go for supplies for Carl? High School
75%
After the farm was overrun where did the survivors regroup? Highway
58%
And how did Shane kill him? Snapped his Neck
58%
What is the name of the nervous horse Daryl took? Nelly
50%
What did Daryl claim to see when he was younger? Chupacabra
42%
What are the names of the 2 men Rick, Hershel and Glenn meet in the bar? Dave and Tony
42%
At the bar which place sounded nice? Nebraska
25%
No matching quizzes found
Score Distribution
Percent of People with Each Score
Percentile by Number Answered
Your Score History
You have not taken this quiz